US Geography - Extreme - 1 - Statistics

General Stats
  • This quiz has been taken 15 times
  • The average score is 9 of 20
Answer Stats
Hint Answer % Correct
Least populated capital city Montpelier
79%
Strait separating the Lower Peninsula of Michigan from the Upper Peninsula Mackinac Strait
71%
Massachusetts' two largest islands and renowned tourist destinations Nantucket
71%
Martha's Vineyard
64%
State in which Mount Rushmore is located South Dakota
64%
Most visited national park, located in Tennessee Great Smoky Mountains NP
57%
Highest waterfalls in Niagara Falls Horseshoe Falls
57%
Largest island in Alaska Kodiak Island
50%
Lake on the border between Minnesota, Ontario and Manitoba Lake of the Woods
50%
Northernmost town in the United States Utqiagvik (Barrow)
50%
Mountain range that includes Mount Rushmore Black Hills
43%
Lake Superior's largest island Isle Royale
43%
Peninsula in northwest Washington State Olympic Peninsula
43%
Only state with two panhandles West Virginia
36%
Archipelago off the southwest coast of California Channel Islands
29%
Monolith that became the first national monument in 1906 Devil's Tower
29%
Lake crossed by a 38 km causeway Lake Pontchartrain
29%
Highest point in Maine and northernmost point of the Appalachian Trail Mount Katahdin
21%
Strait separating this peninsula from Vancouver Island Strait of Juan de Fuca
21%
A thousand-year-old archaeological site in Louisiana Poverty Point
0%
No matching quizzes found
Score Distribution
Percent of People with Each Score
Percentile by Number Answered
Your Score History
You have not taken this quiz